00427nam a22001577a 4500003001200000005001700012008004100029020000600070040001200076082001600088100001000104245008600114250000600200260000900206650005400215NUST - PNEC20170116181044.0150923b xxu||||| |||| 00| 0 eng d a- cLIBRARY a005.369 TUR aTurbo aTurbo prolog owner's handbookbnatural language of artificial intelligencecTurbo a- c1986 aProlog (Computer program language)xMIS, Computer